Koniec liberalizmu?

Bibliographic Details
Main Author: Zálešák, Tomáš, 1967- (Author)
Format: Article
Language:Slovak
ISSN:1335-2296
Subjects:

MARC

LEADER 00000nab a2200000 a 4500
001 vtls000780776
003 SK-MaSNL
005 20260304120754.0
008 250429c2001 xo 0 slo
015 |a SNBRB2002/01-03085 
035 |a CLN000132520 
035 |a urn:nbn:sk:snk-aba24q 
035 |a (urnnbn)urn:nbn:sk:snk:ar-a099gz 
035 |a (uuid)abc08005-2219-4f22-9959-96842be7f3a3 
040 |a SNKBUCL  |b slo  |c SNKBUCL  |e AACR2 
041 0 |a slo 
044 |a xo  |c SK 
080 |a 301.152:329.12  |2 1997 
080 |a 329.12  |2 1997 
080 |a 321.01  |2 1997 
100 1 |a Zálešák, Tomáš,  |d 1967-  |4 aut  |9 103390 
245 1 0 |a Koniec liberalizmu?  |c Tomáš Zálešák 
650 0 7 |a liberalizmus  |2 snkbucl  |9 17721 
655 7 |a články z novín a časopisov  |2 snkbucl  |9 267496 
773 0 |t OS  |g Č. 12 (2001), s. 31-32  |x 1335-2296 
850 |a Slovenská národná knižnica 
852 |a Slovenská národná knižnica 
954 |a odborná, vedecká literatúra pôvodná (slovenská)  |2 lita 
958 |a article13 
958 |a OND 
958 |a EUIPO 
992 |a RBX 
999 |c 2881439  |d 2883369